A handbook for travellers in India, Burma, and Ceylon (Record no. 5700)

MARC details
000 -CABECERA
campo de control de longitud fija 00816nam a2200241 a 4500
001 - NÚMERO DE CONTROL
campo de control BRCA_6011
005 - FECHA Y HORA DE LA ÚLTIMA TRANSACCIÓN
campo de control 20190320205311.0
008 - DATOS DE LONGITUD FIJA--INFORMACIÓN GENERAL
campo de control de longitud fija 010411s1953----enkab#####---#000-0#eng-#
041 ## - CÓDIGO DE LENGUA
Código de lengua del texto/banda sonora o título independiente eng
044 ## - CÓDIGO DEL PAÍS DE LA ENTIDAD EDITORA/PRODUCTORA
Código MARC del país enk
050 #4 - SIGNATURA TOPOGRÁFICA DE LA BIBLIOTECA DEL CONGRESO
Número de clasificación DS414
Número de documento/Ítem .H36 1953
245 10 - MENCIÓN DE TÍTULO
Título A handbook for travellers in India, Burma, and Ceylon
Mención de responsabilidad, etc. edited by Colonel Sir Gordon Hearn.
250 ## - MENCIÓN DE EDICIÓN
Mención de edición 16
260 ## - PUBLICACIÓN, DISTRIBUCIÓN, ETC.
Lugar de publicación, distribución, etc. Londres
Nombre del editor, distribuidor, etc. John Murray
Fecha de publicación, distribución, etc. 1953
300 ## - DESCRIPCIÓN FÍSICA
Extensión lxxiii, 792 p.
Otras características físicas il. (algunas a color), mapas
Dimensiones 19 cm.
500 ## - NOTA GENERAL
Nota general G117D
651 #4 - PUNTO DE ACCESO ADICIONAL DE MATERIA--NOMBRE GEOGRÁFICO
Nombre geográfico Birmania
Subdivisión de forma Guías
Subdivisión general Descripción y viajes
9 (RLIN) 15179
651 #4 - PUNTO DE ACCESO ADICIONAL DE MATERIA--NOMBRE GEOGRÁFICO
Nombre geográfico India
Subdivisión de forma Guías de viajeros
Subdivisión general Descripción y viajes
9 (RLIN) 15180
651 #4 - PUNTO DE ACCESO ADICIONAL DE MATERIA--NOMBRE GEOGRÁFICO
Nombre geográfico Pakistan
Subdivisión de forma Guías de viajeros
Subdivisión general Descripción y viajes
9 (RLIN) 15181
651 #4 - PUNTO DE ACCESO ADICIONAL DE MATERIA--NOMBRE GEOGRÁFICO
Nombre geográfico Ceilan
Subdivisión de forma Guías de viajeros
Subdivisión general Descripción y viajes
9 (RLIN) 15182
902 ## - CATALOGADOR
Iniciales GFM
942 ## - ELEMENTOS DE PUNTO DE ACCESO ADICIONAL (KOHA)
Fuente del sistema de clasificación o colocación Library of Congress Classification
Tipo de ítem Koha Libros
Holdings
Estado de retiro Estado de pérdida Estado dañado No para préstamo Localización permanente Ubicación/localización actual Fecha de adquisición Número de inventario Total de préstamos Signatura topográfica completa Código de barras Fecha visto por última vez Precio válido a partir de Tipo de ítem Koha
El ejemplar forma parte de la colección y puede ser consultado según las políticas vigentes.       Biblioteca del Museo Franz Mayer (Rogerio Casas-Alatriste) Biblioteca del Museo Franz Mayer (Rogerio Casas-Alatriste) 01/04/2011 G117D   DS414 .H36 1953 (G117D) 6450 22/03/2019 22/03/2019 Libros